Loading...
| Current Events | 1 | 10.00 | 100% | 0% | 0% |
| Fine Arts - Classical Music | 3 | 13.33 | 100% | 33% | 0% |
| Fine Arts - Other Fine Arts | 5 | 14.00 | 80% | 40% | 20% |
| Geography | 3 | 20.00 | 100% | 100% | 0% |
| History - American History | 7 | 18.57 | 86% | 71% | 29% |
| History - European History | 1 | 20.00 | 100% | 100% | 0% |
| History - Other History | 3 | 10.00 | 67% | 33% | 0% |
| History - World History | 4 | 22.50 | 100% | 75% | 50% |
| Literature - American Literature | 5 | 10.00 | 80% | 20% | 0% |
| Literature - British Literature | 4 | 5.00 | 50% | 0% | 0% |
| Literature - European Literature | 6 | 13.33 | 100% | 33% | 0% |
| Literature - World Literature | 4 | 15.00 | 75% | 50% | 25% |
| Mythology | 6 | 10.00 | 83% | 17% | 0% |
| Painting/Sculpture | 5 | 14.00 | 100% | 40% | 0% |
| Philosophy | 2 | 10.00 | 50% | 50% | 0% |
| Pop Culture | 1 | 20.00 | 100% | 100% | 0% |
| Religion | 8 | 15.00 | 100% | 50% | 0% |
| Science - Biology | 3 | 10.00 | 100% | 0% | 0% |
| Science - Chemistry | 4 | 7.50 | 50% | 25% | 0% |
| Science - Other Science | 4 | 12.50 | 75% | 50% | 0% |
| Science - Physics | 5 | 8.00 | 80% | 0% | 0% |
| Social Science | 3 | 10.00 | 67% | 33% | 0% |